[Event "57. Bulgaria ch femenino"]
[Site "Plovdiv BUL"]
[Date "2008.03.15"]
[Round "1.1"]
[White "Videnova, Iva"]
[Black "Genova, Lyubka"]
[Result "1/2-1/2"]
[WhiteElo "2188"]
[BlackElo "2232"]
[PlyCount "117"]
[EventDate "2008.03.15"]
[EventType "tourn"]
[EventRounds "11"]
[EventCountry "BUL"]
[EventCategory "6"]
[Source "lmi"]
[SourceDate "2008.03.14"]

1. e4 c5 2. Nf3 e6 3. d4 cxd4 4. Nxd4 a6 5. c4 Nf6 6. Nc3 Qc7 7. a3 b6 8. Be3
Bb7 9. f3 d6 10. Be2 Be7 11. Rc1 Nbd7 12. O-O Rc8 13. Qe1 O-O 14. Qf2 Qb8 15.
b4 Bd8 16. Nb3 Bc7 17. g3 Rfe8 18. Rfd1 d5 19. cxd5 exd5 20. Nxd5 Nxd5 21. exd5
Nf6 22. d6 Bxd6 23. Bxb6 Rxc1 24. Nxc1 Nd5 25. Bd4 h5 26. f4 h4 27. Bf3 Qa8 28.
Bxd5 Bxd5 29. Bxg7 Bh1 30. Bd4 Re6 31. Nd3 Bf3 32. Re1 hxg3 33. hxg3 Rh6 34.
Re8+ Qxe8 35. Qxf3 Qc8 36. f5 Kf8 37. Qg4 f6 38. Be3 Rh7 39. Qg6 Rf7 40. Nc5 a5
41. Qg4 axb4 42. axb4 Qc6 43. Bh6+ Ke7 44. Qe2+ Kd8 45. Ne6+ Kc8 46. Nd4 Qd5
47. Qa6+ Rb7 48. Be3 Bxg3 49. Qxf6 Rd7 50. Qf8+ Rd8 51. Qc5+ Qxc5 52. bxc5 Rf8
53. Kg2 Be5 54. Nc6 Bb2 55. Kg3 Kd7 56. Na7 Rxf5 57. c6+ Kc7 58. Bf4+ Rxf4 59.
Kxf4 1/2-1/2

[Event "57. Bulgaria ch femenino"]
[Site "Plovdiv BUL"]
[Date "2008.03.15"]
[Round "1.2"]
[White "Trifonova, Sandra"]
[Black "Bednikova, Stefi"]
[Result "1/2-1/2"]
[WhiteElo "1957"]
[BlackElo "2088"]
[PlyCount "145"]
[EventDate "2008.03.15"]
[EventType "tourn"]
[EventRounds "11"]
[EventCountry "BUL"]
[EventCategory "6"]
[Source "lmi"]
[SourceDate "2008.03.14"]

1. d4 Nf6 2. Nf3 g6 3. c4 Bg7 4. Nc3 O-O 5. e4 d6 6. Be2 e5 7. O-O exd4 8. Nxd4
Re8 9. f3 Nc6 10. Be3 Nh5 11. Nxc6 bxc6 12. Qd2 f5 13. Bh6 Bxh6 14. Qxh6 f4 15.
Rfd1 Qf6 16. c5 dxc5 17. Bc4+ Be6 18. Bxe6+ Rxe6 19. Rd7 Re7 20. Rad1 Rae8 21.
Ne2 Rf8 22. Rd8 Ref7 23. Rxf8+ Rxf8 24. Rd7 Rf7 25. Rxf7 Qxf7 26. Qg5 Qf8 27.
Qe5 Qd6 28. Qc3 Nf6 29. Kf2 Nd7 30. Ke1 g5 31. Qc4+ Kg7 32. Qc3+ Ne5 33. Nc1 c4
34. b3 Qc5 35. Ne2 Kf7 36. bxc4 Nxc4 37. Nd4 Qa5 38. Qxa5 Nxa5 39. Ke2 c5 40.
Nb3 Nb7 41. Kd3 Ke6 42. Kc4 Kd6 43. a4 a6 44. Kd3 Nd8 45. Kc4 Ne6 46. Kd3 Nf8
47. Nd2 Nd7 48. Nc4+ Ke6 49. Kc3 Nb8 50. Na5 Kd6 51. Nc4+ Kd7 52. Na5 Ke6 53.
Kc4 Nd7 54. Nb7 Nb6+ 55. Kxc5 Nxa4+ 56. Kb4 Nb2 57. Kc3 Nd1+ 58. Kd4 Ne3 59. g3
Nf1 60. gxf4 gxf4 61. Nc5+ Ke7 62. e5 Nd2 63. Nxa6 Nxf3+ 64. Ke4 Nxh2 65. Kxf4
c6 66. Nc5 h5 67. Nb3 Ng4 68. Nd4 c5 69. Nf5+ Kf7 70. Ke4 c4 71. Nd6+ Ke6 72.
Nxc4 Nxe5 73. Nxe5 1/2-1/2

[Event "57. Bulgaria ch femenino"]
[Site "Plovdiv BUL"]
[Date "2008.03.15"]
[Round "1.3"]
[White "Savova, Stefka"]
[Black "Raeva, Elitsa"]
[Result "0-1"]
[WhiteElo "2165"]
[BlackElo "2258"]
[PlyCount "56"]
[EventDate "2008.03.15"]
[EventType "tourn"]
[EventRounds "11"]
[EventCountry "BUL"]
[EventCategory "6"]
[Source "lmi"]
[SourceDate "2008.03.14"]

1. Nf3 c5 2. e4 Nc6 3. d3 g6 4. Nbd2 Bg7 5. c3 e5 6. Be2 Nge7 7. Nf1 d5 8. Qc2
O-O 9. Ng3 f5 10. h4 f4 11. exd5 fxg3 12. dxc6 gxf2+ 13. Kf1 Nf5 14. Qb3+ Kh8
15. Kxf2 bxc6 16. Bg5 Qd6 17. h5 Rb8 18. Qc2 c4 19. hxg6 Qxg6 20. dxc4 Qxg5 21.
Rxh7+ Kg8 22. Nxg5 Nd4+ 23. Kg3 Nxc2 24. Rah1 Ne3 25. c5 Rxb2 26. Bf3 e4 27.
Bxe4 Be5+ 28. Kh4 Rf4+ 0-1

[Event "57. Bulgaria ch femenino"]
[Site "Plovdiv BUL"]
[Date "2008.03.15"]
[Round "1.4"]
[White "Voiska, Margarita"]
[Black "Jordanova, Svetla"]
[Result "1-0"]
[WhiteElo "2333"]
[BlackElo "2145"]
[PlyCount "93"]
[EventDate "2008.03.15"]
[EventType "tourn"]
[EventRounds "11"]
[EventCountry "BUL"]
[EventCategory "6"]
[Source "lmi"]
[SourceDate "2008.03.14"]

1. c4 e5 2. Nc3 Nf6 3. d3 d5 4. cxd5 Nxd5 5. e4 Nb6 6. Be2 Nc6 7. Nf3 Be7 8.
O-O O-O 9. a4 a5 10. Be3 Bf6 11. Nb5 Re8 12. h3 Be6 13. Rc1 Rc8 14. Nd2 Nd7 15.
Nc4 Nf8 16. Qd2 Be7 17. Nxa5 Bb4 18. Nxc6 Bxd2 19. Nxd8 Bxc1 20. Nxe6 Nxe6 21.
Rxc1 Red8 22. Bg4 Rxd3 23. Bxe6 fxe6 24. Rxc7 Rxc7 25. Nxc7 Rb3 26. Nxe6 b6 27.
Nd8 Rb4 28. Nc6 Rxa4 29. Bxb6 Rxe4 30. Be3 Kf7 31. b4 Ke6 32. b5 Kd6 33. Kf1
Ra4 34. Ke2 Ra2+ 35. Kd3 Ra4 36. Kc3 Ra1 37. h4 g6 38. g3 Ra4 39. Nb4 Kc7 40.
b6+ Kb7 41. Nd3 Ra3+ 42. Kc4 e4 43. Nb4 Ra8 44. Kb5 Rf8 45. Na6 Rf5+ 46. Nc5+
Kc8 47. b7+ 1-0

[Event "57. Bulgaria ch femenino"]
[Site "Plovdiv BUL"]
[Date "2008.03.15"]
[Round "1.6"]
[White "Chilingirova, Pavlina"]
[Black "Vladimirova, Maria"]
[Result "1-0"]
[WhiteElo "2213"]
[BlackElo "1971"]
[PlyCount "79"]
[EventDate "2008.03.15"]
[EventType "tourn"]
[EventRounds "11"]
[EventCountry "BUL"]
[EventCategory "6"]
[Source "lmi"]
[SourceDate "2008.03.14"]

1. c4 e6 2. Nf3 Nf6 3. g3 b6 4. Bg2 Bb7 5. O-O Be7 6. d4 O-O 7. Nc3 d6 8. Qc2
Nbd7 9. Rd1 c5 10. e4 cxd4 11. Nxd4 Rc8 12. e5 dxe5 13. Bxb7 exd4 14. Bxc8 Qxc8
15. Rxd4 Bc5 16. Rh4 Ne5 17. Qe2 Ng6 18. Rh3 e5 19. Kg2 Qa8+ 20. f3 e4 21. f4
Re8 22. Be3 Bxe3 23. Qxe3 Ng4 24. Qe2 e3+ 25. Qf3 Qc8 26. Re1 Nf2 27. Rh5 Nd3
28. Re2 Qxc4 29. Nd5 Qxa2 30. Nc7 Re7 31. Qa8+ Nf8 32. Rd5 Ne1+ 33. Rxe1 Qxb2+
34. Kh3 Rxc7 35. Rd8 Qb4 36. Rxe3 g6 37. Ree8 Qc5 38. Rxf8+ Kg7 39. Rg8+ Kh6
40. Qd5 1-0

[Event "57. Bulgaria ch femenino"]
[Site "Plovdiv BUL"]
[Date "2008.03.16"]
[Round "2.1"]
[White "Genova, Lyubka"]
[Black "Vladimirova, Maria"]
[Result "1-0"]
[WhiteElo "2232"]
[BlackElo "1971"]
[PlyCount "79"]
[EventDate "2008.03.15"]
[EventType "tourn"]
[EventRounds "11"]
[EventCountry "BUL"]
[EventCategory "6"]
[Source "lmi"]
[SourceDate "2008.03.14"]

1. b3 e5 2. Bb2 Nc6 3. g3 g6 4. Bg2 Bg7 5. c4 Nge7 6. Nc3 O-O 7. d3 d6 8. e3 f5
9. Nge2 Be6 10. Nd5 Bxd5 11. cxd5 Nb4 12. e4 c5 13. a3 Na6 14. O-O fxe4 15.
dxe4 g5 16. Nc3 Qd7 17. Qh5 g4 18. h3 Rf6 19. Qxg4 Qd8 20. Rab1 Rg6 21. Qe2 Bf6
22. h4 Kh8 23. h5 Rg7 24. Kh2 Nc7 25. Bc1 Ng8 26. b4 b6 27. Bd2 Bh4 28. Bh3 Bg5
29. bxc5 bxc5 30. Rb7 Nh6 31. Bxg5 Qxg5 32. Rfb1 Ng8 33. Rb8 Rxb8 34. Rxb8 Qc1
35. Nd1 Qxa3 36. Ne3 Qc1 37. Nf5 Rg5 38. Nxd6 Kg7 39. Rb7 Nf6 40. Rxc7+ 1-0

[Event "57. Bulgaria ch femenino"]
[Site "Plovdiv BUL"]
[Date "2008.03.16"]
[Round "2.2"]
[White "Velcheva, Maria"]
[Black "Chilingirova, Pavlina"]
[Result "0-1"]
[WhiteElo "2266"]
[BlackElo "2213"]
[PlyCount "110"]
[EventDate "2008.03.15"]
[EventType "tourn"]
[EventRounds "11"]
[EventCountry "BUL"]
[EventCategory "6"]
[Source "lmi"]
[SourceDate "2008.03.14"]

1. e4 c5 2. Nf3 d6 3. d4 Nf6 4. Nc3 cxd4 5. Nxd4 a6 6. Be3 Nc6 7. Be2 e5 8. Nb3
Be7 9. O-O O-O 10. f3 b5 11. Qd2 Bb7 12. Nd5 Nxd5 13. exd5 Nb8 14. a4 b4 15. a5
Nd7 16. Ra4 Nf6 17. Bc4 Qd7 18. Rxb4 Rac8 19. Qd3 Rxc4 20. Rxc4 Nxd5 21. Rd1
Qb5 22. Bd2 f5 23. Re1 Bc6 24. Bc3 Qb7 25. Bxe5 dxe5 26. Rxe5 Nb4 27. Qe3 Bf6
28. Nc5 Qb5 29. Qb3 Nd5 30. Re6 Qxb3 31. Nxb3 Bb5 32. Rc5 Nf4 33. Re1 Bxb2 34.
Kf2 Ba3 35. Rc7 Bd6 36. Rb7 Rc8 37. Nd4 Bc5 38. Kg3 Nh5+ 39. Kh4 Bxd4 40. Kxh5
Bf6 41. g4 Be8+ 42. Rxe8+ Rxe8 43. Rb6 Ra8 44. Rc6 fxg4 45. Kxg4 Be7 46. c3 g6
47. f4 Ra7 48. f5 Kf7 49. Kf4 Bd8 50. Rc5 Rc7 51. Rd5 Be7 52. fxg6+ hxg6 53. h4
Rc4+ 54. Ke5 Rxc3 55. Rd1 Rc5+ 0-1

[Event "57. Bulgaria ch femenino"]
[Site "Plovdiv BUL"]
[Date "2008.03.16"]
[Round "2.4"]
[White "Raeva, Elitsa"]
[Black "Voiska, Margarita"]
[Result "1-0"]
[WhiteElo "2258"]
[BlackElo "2333"]
[PlyCount "115"]
[EventDate "2008.03.15"]
[EventType "tourn"]
[EventRounds "11"]
[EventCountry "BUL"]
[EventCategory "6"]
[Source "lmi"]
[SourceDate "2008.03.14"]

1. d4 c5 2. e3 Nf6 3. Nf3 g6 4. Bd3 Bg7 5. O-O O-O 6. b3 b6 7. Bb2 Bb7 8. Nbd2
Qc7 9. c4 e6 10. Rc1 d6 11. Qe2 Nbd7 12. Rfd1 Rfe8 13. Bb1 Rad8 14. Nf1 Qb8 15.
Ng3 Qa8 16. h4 cxd4 17. Nxd4 a6 18. e4 Nc5 19. f3 e5 20. Nc2 Ne6 21. Qf2 Qb8
22. Ne3 Bh6 23. h5 Nf4 24. hxg6 fxg6 25. Ne2 Nxe2+ 26. Qxe2 Nh5 27. Rc2 Nf4 28.
Qe1 Qc7 29. Bc1 Ne6 30. Nd5 Qc5+ 31. Kh1 Bxc1 32. Rdxc1 Kg7 33. Qh4 g5 34. Qg3
a5 35. f4 exf4 36. Qc3+ Kg8 37. Nf6+ Kf7 38. Nxe8 Rxe8 39. Qh3 Qe5 40. Qf5+ Ke7
41. Rd2 Rf8 42. Qh3 Rf6 43. Rcd1 Nf8 44. Qf3 Ng6 45. Qf2 Qc5 46. Kg1 Ne5 47. a3
Ng4 48. Qxc5 bxc5 49. b4 axb4 50. axb4 cxb4 51. c5 Ne3 52. e5 Rh6 53. Rxd6 Rxd6
54. cxd6+ Kd7 55. e6+ Kd8 56. Rd2 h5 57. e7+ Kd7 58. Bg6 1-0

[Event "57. Bulgaria ch femenino"]
[Site "Plovdiv BUL"]
[Date "2008.03.16"]
[Round "2.5"]
[White "Bednikova, Stefi"]
[Black "Savova, Stefka"]
[Result "1/2-1/2"]
[WhiteElo "2088"]
[BlackElo "2165"]
[PlyCount "96"]
[EventDate "2008.03.15"]
[EventType "tourn"]
[EventRounds "11"]
[EventCountry "BUL"]
[EventCategory "6"]
[Source "lmi"]
[SourceDate "2008.03.14"]

1. e4 c5 2. Nf3 d6 3. d4 cxd4 4. Nxd4 Nf6 5. f3 e5 6. Nb3 d5 7. Bg5 Be6 8. Bxf6
gxf6 9. exd5 Qxd5 10. Qxd5 Bxd5 11. Nc3 Bb4 12. O-O-O Bxb3 13. axb3 Bxc3 14.
bxc3 Ke7 15. Bd3 Nc6 16. Bf5 Rad8 17. Rxd8 Nxd8 18. Rd1 Ne6 19. b4 h6 20. Rd5
Rc8 21. Ra5 a6 22. Be4 Rc7 23. Kd2 Rd7+ 24. Rd5 Rxd5+ 25. Bxd5 b6 26. g4 Kd6
27. c4 Nd8 28. Be4 Ne6 29. c3 Kc7 30. Bd5 Kd6 31. Bb7 a5 32. c5+ Kc7 33. Bd5
axb4 34. cxb6+ Kxb6 35. cxb4 Nd4 36. Kd3 Kb5 37. Ke4 Kxb4 38. Bxf7 Kc5 39. h4
Kd6 40. f4 Nc6 41. Be8 Ne7 42. h5 exf4 43. Kxf4 Ke6 44. Bg6 Nd5+ 45. Ke4 Nc3+
46. Kd3 Nb5 47. Ke4 Nc3+ 48. Kd3 Nb5 1/2-1/2

[Event "57. Bulgaria ch femenino"]
[Site "Plovdiv BUL"]
[Date "2008.03.16"]
[Round "2.6"]
[White "Videnova, Iva"]
[Black "Trifonova, Sandra"]
[Result "1-0"]
[WhiteElo "2188"]
[BlackElo "1957"]
[PlyCount "69"]
[EventDate "2008.03.15"]
[EventType "tourn"]
[EventRounds "11"]
[EventCountry "BUL"]
[EventCategory "6"]
[Source "lmi"]
[SourceDate "2008.03.14"]

1. e4 c6 2. c4 d5 3. exd5 cxd5 4. cxd5 Nf6 5. Qa4+ Bd7 6. Qb3 Qc7 7. Nc3 e6 8.
Bc4 exd5 9. Nxd5 Nxd5 10. Bxd5 Bc6 11. Ne2 Na6 12. Bxc6+ bxc6 13. O-O Be7 14.
d4 O-O 15. Bf4 Qd7 16. Rac1 Nb4 17. Bg3 Nd5 18. Rc2 Bf6 19. Rfc1 Rfe8 20. h3
Re6 21. a3 Rae8 22. Qd3 h5 23. Kh1 h4 24. Bh2 Bd8 25. Ng1 Bg5 26. Rf1 Bf4 27.
Nf3 Bxh2 28. Kxh2 Nf4 29. Qf5 Qd6 30. g3 hxg3+ 31. fxg3 Ne2 32. Ng5 Qxg3+ 33.
Kh1 Nf4 34. Qxf7+ Kh8 35. Qxf4 1-0

[Event "57. Bulgaria ch femenino"]
[Site "Plovdiv BUL"]
[Date "2008.03.17"]
[Round "3.1"]
[White "Trifonova, Sandra"]
[Black "Genova, Lyubka"]
[Result "1/2-1/2"]
[WhiteElo "1957"]
[BlackElo "2232"]
[PlyCount "86"]
[EventDate "2008.03.15"]
[EventType "tourn"]
[EventRounds "11"]
[EventCountry "BUL"]
[EventCategory "6"]
[Source "lmi"]
[SourceDate "2008.03.14"]

1. d4 Nf6 2. Nf3 e6 3. c4 b6 4. g3 Ba6 5. b3 Bb4+ 6. Bd2 Be7 7. Bg2 c6 8. Bc3
d5 9. Nbd2 O-O 10. O-O Nbd7 11. Re1 Rc8 12. e4 b5 13. e5 Ne8 14. c5 g6 15. a4
Qc7 16. Bf1 Rb8 17. axb5 Bxb5 18. Bxb5 Rxb5 19. Ra4 Nb8 20. Qa1 Rb7 21. Re2 Ng7
22. Ne1 f5 23. Nd3 g5 24. f4 Nh5 25. Rg2 Kh8 26. Qd1 Ng7 27. Nf3 gxf4 28. gxf4
Bd8 29. Ng5 h6 30. Ba5 Qe7 31. Bxd8 Rxd8 32. Nf3 Nh5 33. Raa2 Nd7 34. Rg6 Rg8
35. Rxg8+ Kxg8 36. Rg2+ Kh8 37. Kh1 Rb8 38. Qg1 Kh7 39. Qd1 Kh8 40. Qg1 Kh7 41.
Qd1 Kh8 42. Nfe1 Qf7 43. Nf3 Qe7 1/2-1/2

[Event "57. Bulgaria ch femenino"]
[Site "Plovdiv BUL"]
[Date "2008.03.17"]
[Round "3.3"]
[White "Voiska, Margarita"]
[Black "Bednikova, Stefi"]
[Result "1-0"]
[WhiteElo "2333"]
[BlackElo "2088"]
[PlyCount "79"]
[EventDate "2008.03.15"]
[EventType "tourn"]
[EventRounds "11"]
[EventCountry "BUL"]
[EventCategory "6"]
[Source "lmi"]
[SourceDate "2008.03.14"]

1. c4 f5 2. Nc3 Nf6 3. g3 g6 4. Bg2 Bg7 5. d3 O-O 6. e4 d6 7. Nge2 Nc6 8. O-O
e5 9. exf5 gxf5 10. Bg5 Be6 11. Nd5 Qd7 12. Rc1 Nd8 13. d4 c6 14. Nxf6+ Bxf6
15. Bxf6 Rxf6 16. d5 Bf7 17. f4 e4 18. Qd4 Rg6 19. Nc3 c5 20. Qf2 Rg7 21. Bh3
Qe8 22. Bxf5 e3 23. Qg2 Bh5 24. Rce1 e2 25. Nxe2 Re7 26. g4 Bg6 27. Be6+ Nxe6
28. dxe6 Rxe6 29. f5 Re4 30. fxg6 hxg6 31. Qf2 Qe6 32. Ng3 Rxe1 33. Rxe1 Qxg4
34. Qe2 Qd4+ 35. Kg2 Rf8 36. b3 Rf7 37. Rf1 Rxf1 38. Nxf1 Kg7 39. Qe7+ Kh6 40.
Qe3+ 1-0

[Event "57. Bulgaria ch femenino"]
[Site "Plovdiv BUL"]
[Date "2008.03.17"]
[Round "3.4"]
[White "Nikolova, Adriana"]
[Black "Raeva, Elitsa"]
[Result "1/2-1/2"]
[WhiteElo "2194"]
[BlackElo "2258"]
[PlyCount "83"]
[EventDate "2008.03.15"]
[EventType "tourn"]
[EventRounds "11"]
[EventCountry "BUL"]
[EventCategory "6"]
[Source "lmi"]
[SourceDate "2008.03.14"]

1. e4 e5 2. Nf3 Nc6 3. Bc4 Bc5 4. d3 Nf6 5. Nbd2 O-O 6. Nf1 d6 7. Be3 Bxe3 8.
fxe3 a6 9. Bb3 d5 10. exd5 Nxd5 11. Qd2 Kh8 12. O-O-O b5 13. e4 Nb6 14. Ne3 a5
15. Rhf1 f6 16. d4 Nxd4 17. Nxd4 exd4 18. Qxd4 Qxd4 19. Rxd4 Bb7 20. c3 Rfe8
21. Bc2 b4 22. c4 c5 23. Rd6 Nc8 24. Rd2 Ne7 25. Nd5 Bxd5 26. exd5 Nc8 27. Ba4
Rd8 28. Re1 Kg8 29. Rde2 Nd6 30. b3 Nf5 31. g4 Nd4 32. Re7 Nf3 33. R1e2 Kf8 34.
R7e3 Ne5 35. h3 h6 36. Rf2 Ke7 37. Kc2 Kd6 38. Re4 Ra7 39. h4 Rf8 40. h5 Re7
41. Rf5 Ref7 42. Rff4 1/2-1/2

[Event "57. Bulgaria ch femenino"]
[Site "Plovdiv BUL"]
[Date "2008.03.17"]
[Round "3.5"]
[White "Chilingirova, Pavlina"]
[Black "Jordanova, Svetla"]
[Result "0-1"]
[WhiteElo "2213"]
[BlackElo "2145"]
[PlyCount "174"]
[EventDate "2008.03.15"]
[EventType "tourn"]
[EventRounds "11"]
[EventCountry "BUL"]
[EventCategory "6"]
[Source "lmi"]
[SourceDate "2008.03.14"]

1. c4 e5 2. Nc3 Nf6 3. d3 c6 4. Nf3 Qc7 5. e4 Bc5 6. Be2 d6 7. O-O Bg4 8. h3
Bxf3 9. Bxf3 Nbd7 10. Ne2 O-O 11. Ng3 Rfe8 12. Nf5 Nf8 13. Bg5 N6d7 14. Bg4 f6
15. Bd2 Ne6 16. Nh6+ gxh6 17. Bxe6+ Rxe6 18. Qg4+ Kf7 19. Qh5+ Kg8 20. Qg4+ Kf7
21. Qh5+ Ke7 22. Qxh6 Rf8 23. Qxh7+ Rf7 24. Qf5 Nf8 25. Kh1 Kd8 26. Bc3 Qd7 27.
a4 Re8 28. Qxd7+ Kxd7 29. b4 Bd4 30. Bxd4 exd4 31. g4 Rh7 32. Kh2 Ng6 33. Kg3
Reh8 34. Rh1 Ke6 35. f4 Nxf4 36. Kxf4 Rxh3 37. Rxh3 Rxh3 38. Rd1 b6 39. b5 c5
40. Rd2 Re3 41. Rd1 Rh3 42. Rd2 Rh1 43. a5 Rf1+ 44. Kg3 bxa5 45. Ra2 Rd1 46.
Ra3 Ke5 47. Kf2 Kf4 48. Ke2 Rh1 49. Rxa5 Rh2+ 50. Kd1 Ke3 51. Rxa7 Kxd3 52. Kc1
Kc3 53. Ra3+ Kxc4 54. b6 Rh1+ 55. Kc2 Rh2+ 56. Kc1 Rh8 57. Kc2 Rb8 58. Rb3 Rb7
59. Rf3 Rxb6 60. Rxf6 d3+ 61. Kd2 Kd4 62. g5 Kxe4 63. g6 Rb2+ 64. Kc3 Rc2+ 65.
Kb3 c4+ 66. Kb4 d5 67. g7 Rg2 68. Rf7 d2 69. Rf2 Rxg7 70. Rxd2 Rb7+ 71. Kc3
Rb3+ 72. Kc2 Ra3 73. Rd1 d4 74. Re1+ Kd5 75. Re8 Ra2+ 76. Kd1 c3 77. Rh8 Kc4
78. Rh4 Rg2 79. Rf4 Kd3 80. Rf3+ Ke4 81. Rf8 d3 82. Re8+ Kf3 83. Rf8+ Ke4 84.
Re8+ Kf5 85. Rf8+ Ke6 86. Re8+ Kf7 87. Re1 Ra2 0-1

[Event "57. Bulgaria ch femenino"]
[Site "Plovdiv BUL"]
[Date "2008.03.17"]
[Round "3.6"]
[White "Vladimirova, Maria"]
[Black "Velcheva, Maria"]
[Result "0-1"]
[WhiteElo "1971"]
[BlackElo "2266"]
[PlyCount "80"]
[EventDate "2008.03.15"]
[EventType "tourn"]
[EventRounds "11"]
[EventCountry "BUL"]
[EventCategory "6"]
[Source "lmi"]
[SourceDate "2008.03.14"]

1. e4 c5 2. Nf3 Nc6 3. d4 cxd4 4. Nxd4 Nf6 5. Nc3 e6 6. Be3 Bb4 7. Nxc6 bxc6 8.
Bd3 d5 9. exd5 exd5 10. Bd4 O-O 11. O-O Bd6 12. h3 Be6 13. Re1 h6 14. Be5 Bxe5
15. Rxe5 Qb8 16. Qe1 Qxb2 17. Rb1 Qa3 18. Ne2 Rfe8 19. Nd4 Qd6 20. f4 c5 21.
Nb5 Qd8 22. Bg6 fxg6 23. Rxe6 Qd7 24. Rxe8+ Rxe8 25. Qg3 a6 26. Nc3 Kh7 27. Nd1
Qf5 28. Qb3 d4 29. Nf2 Qxf4 30. Nd3 Qg3 31. Nf2 Qxb3 32. axb3 Re2 33. Rc1 Nd5
34. Nd3 Ne3 35. c3 Rxg2+ 36. Kh1 Rc2 37. Ra1 Rxc3 38. Nf4 Rxb3 39. Rxa6 d3 40.
Rd6 d2 0-1

[Event "57. Bulgaria ch femenino"]
[Site "Plovdiv BUL"]
[Date "2008.03.18"]
[Round "4.1"]
[White "Genova, Lyubka"]
[Black "Velcheva, Maria"]
[Result "0-1"]
[WhiteElo "2232"]
[BlackElo "2266"]
[PlyCount "98"]
[EventDate "2008.03.15"]
[EventType "tourn"]
[EventRounds "11"]
[EventCountry "BUL"]
[EventCategory "6"]
[Source "lmi"]
[SourceDate "2008.03.14"]

1. e4 c5 2. b3 Nc6 3. Bb2 e6 4. f4 d5 5. e5 g5 6. Qh5 gxf4 7. Na3 a6 8. O-O-O
Nge7 9. Nf3 Ng6 10. Re1 Qa5 11. c3 b5 12. Kb1 b4 13. Nc2 c4 14. Nfd4 Nxd4 15.
Nxd4 Qb6 16. bxc4 bxc3 17. dxc3 Rb8 18. Nb3 a5 19. Qe2 a4 20. c5 Bxc5 21. Nxc5
Qxc5 22. a3 Bd7 23. Ka2 Rb3 24. h4 Bb5 25. Qd2 Bc4 26. Bxc4 Qxc4 27. Ka1 Kd7
28. Qd4 Rhb8 29. Rb1 Qxd4 30. cxd4 h5 31. Rh2 Ne7 32. Rhh1 Ng6 33. Rhf1 Rg3 34.
Rf2 Ke7 35. Rc1 Kf8 36. Rc7 Rg4 37. Bc1 Rxh4 38. g3 Rh1 39. gxf4 Ne7 40. f5
Nxf5 41. Ka2 h4 42. Bd2 h3 43. Bb4+ Kg8 44. Rf4 Rh2+ 45. Ka1 Rg2 46. Rc1 h2 47.
Bc5 Rg1 48. Rff1 Rxf1 49. Rxf1 Ng3 0-1

[Event "57. Bulgaria ch femenino"]
[Site "Plovdiv BUL"]
[Date "2008.03.18"]
[Round "4.3"]
[White "Raeva, Elitsa"]
[Black "Chilingirova, Pavlina"]
[Result "1/2-1/2"]
[WhiteElo "2258"]
[BlackElo "2213"]
[PlyCount "117"]
[EventDate "2008.03.15"]
[EventType "tourn"]
[EventRounds "11"]
[EventCountry "BUL"]
[EventCategory "6"]
[Source "lmi"]
[SourceDate "2008.03.14"]

1. b4 e6 2. Bb2 Nf6 3. a3 a5 4. b5 c6 5. e3 d5 6. Nf3 Bd6 7. d4 Nbd7 8. c4 dxc4
9. Bxc4 Nb6 10. Bd3 cxb5 11. Bxb5+ Bd7 12. Qe2 Nfd5 13. Nc3 Nxc3 14. Bxc3 Na4
15. Bd2 Bxb5 16. Qxb5+ Qd7 17. Qb3 Ra6 18. O-O O-O 19. Rab1 Rb6 20. Qd3 Rxb1
21. Rxb1 b6 22. e4 h6 23. e5 Be7 24. Qe4 Rc8 25. Qg4 Kh8 26. d5 Nc3 27. Bxc3
Rxc3 28. d6 Bd8 29. Ra1 Qc6 30. Qf4 Kg8 31. h3 b5 32. Nd4 Qd5 33. Rb1 Rc5 34.
Nf3 f6 35. Re1 Rc4 36. Qe3 Rc6 37. Qa7 Bb6 38. Qb8+ Kh7 39. exf6 gxf6 40. Qe8
e5 41. Qe7+ Kg8 42. Qxf6 Rxd6 43. Qxe5 Qxe5 44. Rxe5 Rd1+ 45. Re1 Rd3 46. Rb1
Bc7 47. Kf1 Rxa3 48. Rxb5 Rc3 49. Nd4 a4 50. Rb4 a3 51. Ra4 Bb6 52. Ke2 Rc1 53.
Ra8+ Kf7 54. Nf5 Rc2+ 55. Kd3 Rxf2 56. Nxh6+ Kg7 57. Rxa3 Kxh6 58. Ra6 Rf6 59.
Kc4 1/2-1/2

[Event "57. Bulgaria ch femenino"]
[Site "Plovdiv BUL"]
[Date "2008.03.18"]
[Round "4.4"]
[White "Bednikova, Stefi"]
[Black "Nikolova, Adriana"]
[Result "1/2-1/2"]
[WhiteElo "2088"]
[BlackElo "2194"]
[PlyCount "113"]
[EventDate "2008.03.15"]
[EventType "tourn"]
[EventRounds "11"]
[EventCountry "BUL"]
[EventCategory "6"]
[Source "lmi"]
[SourceDate "2008.03.14"]

1. e4 c5 2. Nf3 d6 3. d4 cxd4 4. Nxd4 Nf6 5. f3 e5 6. Nb3 Be7 7. c4 O-O 8. Be3
Be6 9. Nc3 Nbd7 10. Be2 a6 11. O-O Rc8 12. Nd5 Bxd5 13. cxd5 Ne8 14. Qd2 f5 15.
exf5 Rxf5 16. f4 exf4 17. Rxf4 Rxf4 18. Bxf4 Bf6 19. Bg4 Rc4 20. Be6+ Kh8 21.
Rc1 b5 22. Rxc4 bxc4 23. Nd4 Ne5 24. Nc6 Nxc6 25. dxc6 Qb6+ 26. Kf1 Qxc6 27.
Bf7 c3 28. bxc3 Bxc3 29. Qe2 Nf6 30. Qc4 Qxc4+ 31. Bxc4 a5 32. Bxd6 Ne4 33. Bf4
g5 34. Be3 Nd2+ 35. Bxd2 Bxd2 36. g4 Kg7 37. Ke2 Bb4 38. Kd3 Kf6 39. Ke4 Kg6
40. Ke5 h6 41. h3 Bc3+ 42. Ke6 h5 43. Bd3+ Kh6 44. Kf7 hxg4 45. hxg4 a4 46. a3
Bb2 47. Bc2 Bxa3 48. Bxa4 Bc5 49. Bc2 Bd4 50. Ba4 Bc3 51. Bd7 Kh7 52. Bf5+ Kh8
53. Bg6 Bd2 54. Bf5 Bc3 55. Bg6 Bd2 56. Bd3 Bc3 57. Bg6 1/2-1/2

[Event "57. Bulgaria ch femenino"]
[Site "Plovdiv BUL"]
[Date "2008.03.18"]
[Round "4.5"]
[White "Videnova, Iva"]
[Black "Voiska, Margarita"]
[Result "1-0"]
[WhiteElo "2188"]
[BlackElo "2333"]
[PlyCount "61"]
[EventDate "2008.03.15"]
[EventType "tourn"]
[EventRounds "11"]
[EventCountry "BUL"]
[EventCategory "6"]
[Source "lmi"]
[SourceDate "2008.03.14"]

1. e4 e5 2. Nf3 d6 3. Bc4 Be7 4. O-O Nf6 5. Nc3 O-O 6. d4 exd4 7. Nxd4 Re8 8.
f4 Bf8 9. Nf3 Nc6 10. Ng5 Re7 11. h3 Bd7 12. Re1 h6 13. Nxf7 Rxf7 14. e5 dxe5
15. fxe5 Nh7 16. e6 Re7 17. exd7+ Kh8 18. Be6 g5 19. Nd5 Rg7 20. Bd2 Bc5+ 21.
Kh1 Bd4 22. Qh5 Nf8 23. Bf5 Rxd7 24. Qxh6+ Rh7 25. Bxh7 Nxh7 26. Qe6 Bxb2 27.
Rab1 Bg7 28. Rxb7 Nd4 29. Qf7 Qd6 30. Rxc7 Rg8 31. Ne7 1-0

[Event "57. Bulgaria ch femenino"]
[Site "Plovdiv BUL"]
[Date "2008.03.18"]
[Round "4.6"]
[White "Trifonova, Sandra"]
[Black "Savova, Stefka"]
[Result "0-1"]
[WhiteElo "1957"]
[BlackElo "2165"]
[PlyCount "101"]
[EventDate "2008.03.15"]
[EventType "tourn"]
[EventRounds "11"]
[EventCountry "BUL"]
[EventCategory "6"]
[Source "lmi"]
[SourceDate "2008.03.14"]

1. d4 Nf6 2. Nf3 g6 3. c4 Bg7 4. Nc3 d5 5. cxd5 Nxd5 6. e4 Nxc3 7. bxc3 O-O 8.
Be3 c5 9. Qd2 Qa5 10. Rc1 Rd8 11. d5 e6 12. c4 Qxd2+ 13. Nxd2 Na6 14. g3 b6 15.
Nb1 Bb2 16. Rc2 Bd4 17. Bxd4 cxd4 18. Nd2 Nc5 19. f3 e5 20. Nb3 Bd7 21. Nxc5
bxc5 22. Bd3 Rab8 23. Ke2 Rb6 24. f4 f6 25. Kf3 Rdb8 26. Rf1 Rb2 27. Rxb2 Rxb2
28. Rf2 Rb6 29. g4 h6 30. h4 g5 31. hxg5 hxg5 32. f5 Kg7 33. Rf1 Ba4 34. Kg3
Rb2 35. Rf2 Rxf2 36. Kxf2 Bd1 37. Kg3 Kf7 38. Kh3 Ke7 39. Kg3 Kd6 40. Kh3 Kc7
41. Kg3 Kb6 42. Kh3 Ka5 43. Kg3 Kb4 44. d6 Ba4 45. Bc2 Bd7 46. Kf3 Kc3 47. Bd1
Kd2 48. Bb3 a5 49. a4 Kc3 50. Bd1 Kxc4 51. Ke2 0-1